000 00352 a2200157 4500
001 62636
020 _a8516047555
040 _cAnchieta - Pituba
100 _aPinto, Manuel da Costa
240 1 0 _aAntologia de crônicas
_lpor
245 1 0 _aAntologia de crônicas
300 _a279
362 0 _a2005
650 4 _aCrônica brasileira
942 _cBK
999 _c62636
_d62636